| 000 | 00541nam a2200109Ia 4500 | ||
|---|---|---|---|
| 008 | 171212s9999 xx 000 0 und d | ||
| 100 | _aWooding, Steven;Hanney, Stephen;Pollitt, Alexandra;Buxton, Martin;Grant, Jonathan | ||
| 245 |
_cWooding, Steven;Hanney, Stephen;Pollitt, Alexandra;Buxton, Martin;Grant, Jonathan _aProject Retrosight _bUnderstanding the returns from cardiovascular and stroke research: The Policy Report |
||
| 260 |
_bRAND Corporation _c2011 |
||
| 650 | _aBiological Sciences | ||
| 856 | _uwww.jstor.org/stable/10.7249/mg1079rs | ||
| 999 |
_c352436 _d352436 |
||